LEADER 01132nam a2200277 4500 001 000000337654 003 CaOOAMICUS 005 20191031152134.0 008 191031s2007 it 000 u ita r 040 $aSeMil$bita 100 0 $aAeschylus ,$d.$0(OLS)http://semarc/name/9321 245 13$aLe tragedie /$cEschilo ; traduzione, introduzioni e commento a cura di Monica Centanni. 264 1$aMilano :$bMondadori,$c2007. 300 $aLXXXII, 1245 p. ;$c18 cm 490 1 $aI classici collezione ;$v4 500 $aTesto orig. a fronte 500 $aSuppl. alleg. a: Panorama, TV Sorrisi e canzoni, Chi, Donna moderna, Grazia, Tu. 700 1 $aCentanni, Monica.$0(OLS)http://semarc/name/110439 830 2$aI classici collezione ;$v4.$0(OLS)http://semarc/title/426636 850 $aSeMil 852 $aSeMil$W1$xVenegono$y1$m1X II 29$j218048$B230062$CSeMilBibl$Z2$F230062 $81 900 0 $aEschilo. 996 $6245$aLe tragedie$9(OLS)http://semarc/title/27467 996 $6264$aMilano :$bMondadori$9(OLS)http://semarc/publisher/30335 LEADER 01162nam a2200289 i 4500 001 000000069442 003 CaOOAMICUS 005 20091006000000.0 008 091006s1996 it u000 u ita u 013 $a40614 040 $aSeMil$bita 245 13$aLa Santa Sede per la pace nei Balcani. 260 $aCittą del Vaticano :$b[s.n.],$c1996. 300 $a141 p. ;$c21 cm. 490 0 $aQuaderni de L'Osservatore Romano ;$v33 650 4$aSanta Sede - Relazioni con i Balcani.$0(OLS)http://semarc/subject/13760 700 0 $aIoannes Paulus II,$c.$0(OLS)http://semarc/name/646 830 0$aQuaderni de L'Osservatore Romano ;$v33.$0(OLS)http://semarc/title/372 850 $aSeMil 852 $aSeMil$W1$xVenegono$y1$m2A V 308$j35595$B35595$CSeMilBibl$Z2$F35598 $81 900 1 $aWojtyla, Karol,$d<1920-2005>. 900 0 $aGiovanni Paolo II$c. 961 $aAcquisto: Casa editrice 996 $6245$aLa Santa Sede per la pace nei Balcani$9(OLS)http://semarc/title/111168 996 $6260$aCittą del Vaticano :$b[s.n.]$9(OLS)http://semarc/publisher/29836